La planificación socialista /
Guardado en:
| Autor Principal: | |
|---|---|
| Formato: | Libro |
| Publicado: |
Mexico :
Fondo de Cultura Economica,
1983
|
| Materias: | |
| Etiquetas: |
Agregar Etiqueta
Sin Etiquetas, Sea el primero en etiquetar este registro!
|
| LEADER | 00670nam a22002175a 4500 | ||
|---|---|---|---|
| 001 | CEM.cems002236 | ||
| 005 | 20060216000000.0 | ||
| 008 | 130507s1983##################000#0#####d | ||
| 003 | CEMS | ||
| 082 | 0 | 4 | |a 335 |
| 100 | 1 | |a Ellman, Michael | |
| 245 | 1 | 0 | |a La planificación socialista / |
| 260 | |a Mexico : |b Fondo de Cultura Economica, |c 1983 | ||
| 300 | |a 318 p. | ||
| 505 | 0 | |a Memoria politica; Propaganda revolucionaria; Discursos | |
| 653 | |a Agricultura-planificacion | ||
| 653 | |a Consumo-planificacion | ||
| 653 | |a Economia planificada | ||
| 653 | |a Economia socialista | ||
| 653 | |a Ingreso-planificacion | ||
| 859 | |a CEMS |b BIB. CEMS - 11 de abril |h 335 |i ELL55 |p 13703.85 |t Ej.1 | ||
